| 000 | 00459nam a2200145Ia 4500 | ||
|---|---|---|---|
| 008 | 230511s2004 xx 000 0 und d | ||
| 020 | _a1-840000-944-6 | ||
| 041 | _aeng | ||
| 082 | _a771.44 | ||
| 100 | _aTim Rudman | ||
| 245 | _aThe Photographers Master Printing Course in Association with Amateur Photographers | ||
| 260 |
_aLondon _bMitchell Beazley an imprint of Octopus Pub. _c2004 |
||
| 300 | _a160PB 27X23 cm | ||
| 650 | _aFundamentals of Photography | ||
| 999 |
_c354673 _d354673 |
||